Social network analysis for ego-nets (Record no. 57709)

MARC details
000 -LEADER
fixed length control field 01028nam a2200289 a 4500
001 - CONTROL NUMBER
control field 18521259
008 - FIXED-LENGTH DATA ELEMENTS--GENERAL INFORMATION
fixed length control field 161026s2015 ||||||||||||||||| || u
010 ## - LIBRARY OF CONGRESS CONTROL NUMBER
LC control number 2015935668
020 ## - INTERNATIONAL STANDARD BOOK NUMBER
International Standard Book Number 9781446267769
020 ## - INTERNATIONAL STANDARD BOOK NUMBER
International Standard Book Number 9781446267776
020 ## - INTERNATIONAL STANDARD BOOK NUMBER
International Standard Book Number 1446267776
020 ## - INTERNATIONAL STANDARD BOOK NUMBER
International Standard Book Number 1446267768
050 ## - LIBRARY OF CONGRESS CALL NUMBER
Classification number HM 741 Nic
100 ## - MAIN ENTRY--PERSONAL NAME
Personal name Koskinen, Johan
245 10 - TITLE STATEMENT
Title Social network analysis for ego-nets
Statement of responsibility, etc. Nick Crossley, Elisa Bellotti, Gemma Edwards, Martin G. Everett, Johan Koskinen, Mark Tranmer.
260 ## - PUBLICATION, DISTRIBUTION, ETC.
Place of publication, distribution, etc. Los Angeles
Name of publisher, distributor, etc. Elsevier
Date of publication, distribution, etc. 2015
300 ## - PHYSICAL DESCRIPTION
Extent x, 194p: ill.
500 ## - GENERAL NOTE
General note Includes bibliographical references (pages 178-191) and index.
650 ## - SUBJECT ADDED ENTRY--TOPICAL TERM
Topical term or geographic name entry element Network analyisis
650 #0 - SUBJECT ADDED ENTRY--TOPICAL TERM
Topical term or geographic name entry element Social networks - Research
700 ## - ADDED ENTRY--PERSONAL NAME
Personal name Bellotti, Elisa
700 ## - ADDED ENTRY--PERSONAL NAME
Personal name Everett, Martin G
700 ## - ADDED ENTRY--PERSONAL NAME
Personal name Edwards, Gemma
700 ## - ADDED ENTRY--PERSONAL NAME
Personal name Tranmer, Mark
700 ## - ADDED ENTRY--PERSONAL NAME
Personal name Crossley, Nick
995 ## - RECOMMENDATION 995 [LOCAL, UNIMARC FRANCE]
-- CBU-MAIN LIBRARY (Kitwe)
-- 1
-- AVAILABLE
-- Oct 26, 2016
-- Main Library Open Access Collection
Holdings
Withdrawn status Lost status Source of classification or shelving scheme Damaged status Not for loan Home library Current library Shelving location Date acquired Total Checkouts Full call number Barcode Date last seen Price effective from Koha item type
          CBU-MAIN LIBRARY, KITWE. CBU-MAIN LIBRARY, KITWE.   11/30/2022   HM 741 Nic 747118 11/30/2022 11/30/2022 MONOGRAPH